|
|
|
|
| LEADER |
01243nam a22002297a 4500 |
| 005 |
20180410104223.0 |
| 008 |
130804r20021995ii a||| |||| 00| m ben |
| 999 |
|
|
|c 13814
|d 13814
|
| 040 |
|
|
|a BD-DhAAL
|c BD-DhAAL
|
| 082 |
|
|
|2 22
|a 780.095492
|
| 100 |
|
|
|a দত্ত, শ্রীদেবব্রত
|9 2538
|
| 245 |
|
|
|a সঙ্গীত তত্ত্ব :
|b নজরুল প্রসঙ্গ /
|c শ্রীদেবব্রত দত্ত
|
| 260 |
|
|
|a কলিকাতা :
|b ব্রতী প্রকাশনী,
|c ১৯৯৫ [পুনর্মুদ্রণ ২০০২]
|
| 300 |
|
|
|a [জ], ২৬৪ পৃষ্ঠা :
|b চিত্র ;
|c ২২ সে. মি.
|
| 541 |
|
|
|e 13253
|
| 600 |
|
|
|a Nazrul Islam, Kazi,
|x Musical settings
|y 1899-1976
|9 2539
|
| 600 |
|
|
|a নজরুল, ইসলাম কাজী.
|x সঙ্গীত
|y ১৮৯৯-১৯৭৬
|9 2540
|
| 650 |
|
|
|a Songs, Bengali
|z Bangladesh
|9 2541
|
| 650 |
|
|
|a সঙ্গীত
|z বাংলাদেশ
|9 2542
|
| 852 |
|
|
|a Ayesha Abed Library
|c General Stacks
|
| 942 |
|
|
|2 ddc
|c BK
|
| 952 |
|
|
|0 0
|1 0
|2 ddc
|4 0
|6 780_095492000000000_DAT
|7 0
|9 23114
|a BRACUL
|b BRACUL
|c GEN
|d 2013-08-04
|g 88.00
|l 2
|m 5
|o 780.095492 DAT
|p 3010013253
|r 2023-03-22
|s 2023-03-02
|t 1
|w 2013-08-04
|y BK
|